|
|
|
|
| LEADER |
01566nam a2200361 i 4500 |
| 001 |
29045 |
| 003 |
BD-DhAAL |
| 005 |
20150330112805.0 |
| 008 |
150330s2014 maua b 001 0 eng |
| 010 |
|
|
|a 2012047546
|
| 020 |
|
|
|a 0273793357
|
| 020 |
|
|
|a 9780273793359
|
| 020 |
|
|
|a 9780133354690 (alk. paper)
|
| 020 |
|
|
|a 0133354695 (alk. paper)
|
| 040 |
|
|
|a DLC
|b eng
|c DLC
|e rda
|d DLC
|d BD-DhAAL
|
| 042 |
|
|
|a pcc
|
| 050 |
0 |
0 |
|a TK5105.59
|b .S713 2014
|
| 082 |
0 |
0 |
|a 005.8
|2 23
|
| 100 |
1 |
|
|a Stallings, William.
|9 10197
|
| 245 |
1 |
0 |
|a Cryptography and network security :
|b principles and practice /
|c William Stallings and international edition contributions by Mohit P Tahiliani, NITK Surathkal.
|
| 250 |
|
|
|a 6th edition.
|
| 260 |
|
|
|a Boston :
|b Pearson,
|c [2014]
|
| 300 |
|
|
|a 751 p. :
|b illustrations ;
|c 24 cm
|
| 504 |
|
|
|a Includes bibliographical references (pages 730-739) and index.
|
| 541 |
|
|
|e 29045
|
| 650 |
|
0 |
|a Computer networks
|x Security measures.
|9 10198
|
| 650 |
|
0 |
|a Data encryption (Computer science)
|9 10199
|
| 650 |
|
0 |
|a Coding theory.
|9 10200
|
| 650 |
|
0 |
|a Computer security.
|9 10201
|
| 942 |
|
|
|2 ddc
|c BK
|
| 999 |
|
|
|c 34182
|d 34182
|
| 952 |
|
|
|0 0
|1 0
|2 ddc
|4 0
|6 005_800000000000000_STA
|7 0
|9 53342
|a BRACUL
|b BRACUL
|c GEN
|d 2015-03-30
|e Karim International
|g 6300.00
|l 10
|m 119
|o 005.8 STA
|p 3010029045
|r 2025-12-28
|s 2025-06-18
|t 1
|w 2015-03-30
|y BK
|
| 952 |
|
|
|0 0
|1 4
|2 ddc
|4 0
|6 005_800000000000000_STA
|7 0
|9 53343
|a BRACUL
|b BRACUL
|c GEN
|d 2015-03-30
|e Karim International
|g 6300.00
|l 4
|m 40
|o 005.8 STA
|p 3010029046
|r 2019-05-23
|s 2019-05-19
|t 2
|w 2015-03-30
|y BK
|x Koha Inventory 2020
|